| 000 | 02013nam0a2200361 4500 | ||
|---|---|---|---|
| 001 | RU\NLR\bibl\1145894 | ||
| 005 | 20260407140634.0 | ||
| 010 |
_a978-5-7782-0781-3 _9100 |
||
| 021 |
_aRU _b2007-64677 _93456 |
||
| 035 | _a(NLR Aleph) 001132718 | ||
| 090 |
_a1368115 _c1368115 |
||
| 100 | _a20071025d2007 |||y0rusy50 ca | ||
| 101 | 0 | _arus | |
| 102 | _aRU | ||
| 105 | _aa ||||||||| | ||
| 200 | 1 |
_aНиколай Васильевич Пустовой _eюбилейный библиографический указатель публикаций _eкниги, диссертации, статьи и другие работы за 1972-2007 гг. _fНовосиб. гос. техн. ун-т, Науч. б-ка, Науч.-информ. центр _g[сост.: Н. А. Пусеп, Е. Б. Контарева _gотв. ред. Т. В. Баздырева] |
|
| 210 |
_aНовосибирск _cНовосибирский государственный технический университет _d2007 |
||
| 215 |
_a22, [2] с., [1] л. цв. ил. _d29 |
||
| 320 | _aБиблиогр. в конце кн. | ||
| 320 | _aИмен. указ.: с. 21-22 | ||
| 600 | 1 |
_aПустовой _bН.В. _f1947 _gНиколай Васильевич _jБиобиблиография _92494550 _3RU\NLR\auth\661479906 |
|
| 686 | _aЧ488.74(2Р)7-8Пустовой.я1 | ||
| 686 | _aО53д(2)Пустовой | ||
| 702 | 1 |
_4220 _8rus _7ca _aПусеп _bН. А. _gНаталья Александровна _3RU\NLR\auth\77119253 _9102178 |
|
| 702 | 1 |
_aБаздырева _bТ. В. _4340 |
|
| 712 | 0 | 2 |
_4570 _aНовосибирский государственный технический университет _bНаучная библиотека _bНаучно-информационный центр _3RU\NLR\AUTH\8810083453 _9668955 |
| 801 | 0 |
_aRU _bNLR _c20071025 _gRCR |
|
| 801 | 1 |
_aRU _bNLR _c20071025 |
|
| 942 | _cBOOK | ||
| 980 | _aNB | ||